| 000 | 00693nam a2200277 u 4500 | ||
|---|---|---|---|
| 001 | 000055637 | ||
| 003 | OSt | ||
| 005 | 20210609094421.0 | ||
| 008 | 130606s1977 mx gr 000 0 spa d | ||
| 009 | 0 aN | ||
| 020 | _a843458011X | ||
| 040 |
_aCO-MqBPB _bspa _cCO-MqBPB |
||
| 041 | 0 | _a*spa | |
| 043 | _an-mx--- | ||
| 090 |
_aAN _bVALj |
||
| 100 | 1 | _aVarela y Alcalá Galiano, Juan | |
| 245 | 1 | 0 |
_aJuanita la larga / _cJuan Valera. |
| 250 | _a6a. ed. | ||
| 260 |
_aNavarra : _bSalvat Editores S.A, _c1982. |
||
| 300 | _a185p. | ||
| 490 | 0 |
_acrisol literario _v5 |
|
| 650 | 1 | 7 |
_aNovela española. _2LEMB |
| 650 | 2 | 7 |
_aVida religiosa _2LEMB |
| 650 | 2 | 7 |
_aCartas _2LEMB |
| 942 |
_2ddc _cBKLIT |
||
| 999 |
_c5193 _d5193 |
||